000 00508nam a2200193 a 4500
001 1757075927931
003 YourLibrary
005 20250908142549.0
008 250905s1991##################000#0#eng##
020 _a9780805805925
082 0 4 _a128
_bRAM
100 1 _aRamsey, William M.,
_eauthor.
245 1 0 _aPhilosophy and Connectionist Theory :
260 _bPsychology Press,
_c1991.
300 _a340 pages
650 0 _aPhilosophy.
942 _cENGLISH
040 _aYourLibrary
_beng
_cYourLibrary
999 _c585803
_d585803